| 000 | 00357nam a2200133Ia 4500 | ||
|---|---|---|---|
| 005 | 20251222144854.0 | ||
| 008 | 251222s9999||||xx |||||||||||||| ||spa|| | ||
| 020 | _a84-205-3675-X | ||
| 082 | _a519.82/P33 | ||
| 100 | _aPazos Arias, José Juan | ||
| 245 | 0 | _aTeoría de Colas y Simulación de Eventos Discretos | |
| 264 | _bPearson Educación | ||
| 942 | _cLIB | ||
| 999 |
_c21717 _d21717 |
||